00363nam a2200133 a 4500008004100000050001600041100001800057245004100075260004100116300001900157350000900176650001500185650002900200120416s1980 ||||||||||||||||| || u aHD 58.7 Min aMiner, John B10aTheories of organizational behaviour aHinsdale, Ill.bDryden Pressc(1980) ax, 435p. : ill a0.00 0aMANAGEMENT aORGANIZATIONAL BEHAVIOUR